000 00368nam a22001577a 4500
003 OSt
005 20211007112043.0
008 211007b |||||||| |||| 00| 0 eng d
020 _a0420482806
040 _aHU
_cDDC
082 _a341.5
245 _aTHE CONFLICT OF LAWS
260 _aLONDON
_bSWEET AND MAXWELL
_c1993
300 _a635,P,35CM
942 _2ddc
_cBOOKS
_n0
999 _c10322
_d10322